Llibre de privilegis de la vila de Figueres : 1267-1585 / edició a cura d'Antoni Cobos Fajardo 1267-1585 / edició a cura d'Antoni Cobos Fajardo
ISBN:
84-9779-132-0
Descripción Física:
252 p; 24 cm
Colección:
LLibres de privilegis ; 9
MARC
| LEADER | 00000nam a2200000Ia 4500 | ||
|---|---|---|---|
| 001 | 16562 | ||
| 008 | 160829s2004 xx 000 0 cat d | ||
| 020 | |a 84-9779-132-0 | ||
| 080 | |a H-2-281 | ||
| 245 | |a Llibre de privilegis de la vila de Figueres : |b 1267-1585 / edició a cura d'Antoni Cobos Fajardo | ||
| 260 | |a Barcelona : |b Fundació Noguera, |c 2004 | ||
| 300 | |a 252 p; |c 24 cm | ||
| 490 | |a LLibres de privilegis ; 9 | ||
| 590 | |a Textos en català i llatí. | ||
| 590 | |a Índex | ||
| 650 | |a Figueres |x Cartes, privilegis, immunitats |9 27148 | ||
| 650 | |a Documents públics |x Figueres |x Història |x Fonts |9 27149 | ||
| 650 | |a Figueres |x Història |x 1267/1585 |x Fonts |9 27150 | ||
| 700 | |a Cobos Fajardo, Antoni, ed. |9 27151 | ||
| 700 | |a Fundació Noguera |9 70407 | ||
| 901 | |a Arxiu | ||
| 942 | |n 1 | ||
| 952 | |0 0 |1 0 |4 0 |6 H2281 |7 1 |9 44291 |a Arxiu |b Arxiu |d 2016-12-01 |l 0 |o H-2-281 |p 16562 |r 2016-12-01 00:00:00 |w 2016-12-01 |y ARXIU | ||
| 999 | |c 46871 |d 46871 | ||